[Event "VIII Festival Ducale A"]
[Site "Genova ITA"]
[Date "2000.07.20"]
[Round "6"]
[White "Drazic, Sinisa"]
[Black "Collareta, Giovanni"]
[Result "1-0"]
[WhiteElo "2508"]
[BlackElo "2127"]
[PlyCount "64"]
[EventDate "2000.07.15"]

1. d4 d5 2. Nf3 Nf6 3. c4 c6 4. e3 a6 5. b3 Bg4 6. Nbd2 e6 7. Bd3 Bd6 8. Bb2
O-O 9. O-O Nbd7 10. Rc1 Qb8 11. h3 Bxf3 12. Qxf3 e5 13. cxd5 cxd5 14. e4 exd4
15. exd5 Bh2+ 16. Kh1 Qf4 17. Rcd1 Ne5 18. Qe2 Rfe8 19. Ne4 Nxd3 20. Nxf6+ Qxf6
21. Qxd3 Bd6 22. Bxd4 Qf4 23. g3 Qh6 24. Kg2 f5 25. Qxf5 Re7 26. Be3 Qg6 27.
Qxg6 hxg6 28. Rd3 Rae8 29. Rc1 Rd7 30. Rc4 Kf7 31. Kf3 Kf6 32. h4 Kf7 1-0

[Event "VIII Festival Ducale A"]
[Site "Genova ITA"]
[Date "2000.07.20"]
[Round "6"]
[White "Fornaro, Alberto"]
[Black "Strazzeri, Marco"]
[Result "0-1"]
[WhiteElo "1825"]
[BlackElo "1756"]
[PlyCount "32"]
[EventDate "2000.07.15"]

1. d4 d5 2. Nf3 e6 3. Bf4 c5 4. e3 Nc6 5. c3 Nf6 6. Nbd2 a6 7. Bd3 Bd7 8. Ne5
Be7 9. h3 O-O 10. O-O b5 11. Rc1 c4 12. Bb1 b4 13. cxb4 Bxb4 14. Nxc6 Bxc6 15.
Nxc4 dxc4 16. Rxc4 Qd5 0-1

[Event "VIII Festival Ducale A"]
[Site "Genova ITA"]
[Date "2000.07.21"]
[Round "7"]
[White "Bellon Lopez, Juan Manuel"]
[Black "Laketic, Gojko"]
[Result "1/2-1/2"]
[WhiteElo "2421"]
[BlackElo "2483"]
[PlyCount "46"]
[EventDate "2000.07.15"]

1. d4 d6 2. Nf3 Bg4 3. Ng5 Nf6 4. f3 Bc8 5. Nc3 h6 6. Nge4 Nxe4 7. Nxe4 e6 8.
g3 d5 9. Nf2 c5 10. e3 Nc6 11. Bg2 Be7 12. c3 O-O 13. f4 a5 14. a4 b6 15. O-O
Ba6 16. Nd3 f5 17. b3 Rc8 18. Rf2 Rc7 19. Bf1 Qc8 20. Bb2 Bd6 21. Ba3 Nd8 22.
Ne5 Bxf1 23. Qxf1 Re8 1/2-1/2

[Event "VIII Festival Ducale A"]
[Site "Genova ITA"]
[Date "2000.07.21"]
[Round "7"]
[White "Chatalbashev, Boris"]
[Black "Cramling, Pia"]
[Result "1/2-1/2"]
[WhiteElo "2494"]
[BlackElo "2484"]
[PlyCount "121"]
[EventDate "2000.07.15"]

1. d4 Nf6 2. Nf3 d5 3. c4 c6 4. e3 Bf5 5. Nc3 e6 6. Bd3 Bxd3 7. Qxd3 Nbd7 8.
O-O Bb4 9. Bd2 a5 10. a3 Be7 11. b4 O-O 12. bxa5 Rxa5 13. a4 Ra7 14. Rab1 Bd6
15. Rb3 Qa8 16. Rfb1 Rb8 17. cxd5 exd5 18. Qf5 Re8 19. Qc2 b6 20. g3 h6 21. Nh4
Ne4 22. Nxe4 Rxe4 23. a5 bxa5 24. Rc3 Ra6 25. Rcb3 Ra7 26. Rc3 Rc7 27. Qa4 c5
28. Nf5 Bf8 29. Rb5 Ra7 30. f3 cxd4 31. Nxd4 Re8 32. Nc6 Ra6 33. Rxa5 Rxa5 34.
Qxa5 Qxa5 35. Nxa5 Bb4 36. Rc2 Bxa5 37. Bxa5 Rxe3 38. Rd2 Rxf3 39. Rxd5 Nf6 40.
Rd4 Rf5 41. Bd2 h5 42. h3 Rd5 43. Rxd5 Nxd5 44. Kg2 f6 45. g4 hxg4 46. hxg4 Kf7
47. Kf3 Ke6 48. Ke4 Ne7 49. Bc3 Nc6 50. Kf4 g6 51. Bb2 Ne5 52. Bc3 Nf7 53. Bb2
Nd6 54. Bc3 Nc4 55. Kf3 Ne5+ 56. Kf4 g5+ 57. Kg3 Kd5 58. Bb2 Ke4 59. Ba3 Nc4
60. Be7 Ke5 61. Bb4 1/2-1/2

[Event "VIII Festival Ducale A"]
[Site "Genova ITA"]
[Date "2000.07.21"]
[Round "7"]
[White "Fazzuoli, Moreno"]
[Black "Zangrando, Gianpietro"]
[Result "1-0"]
[WhiteElo "1705"]
[BlackElo "1662"]
[PlyCount "55"]
[EventDate "2000.07.15"]

1. e4 c6 2. d4 d5 3. Nc3 dxe4 4. Nxe4 Nd7 5. Ng5 Ndf6 6. Bd3 h6 7. Nxf7 Kxf7 8.
Nf3 Qd5 9. Ne5+ Ke8 10. Bg6+ Kd8 11. Nf7+ Kc7 12. Bf4+ Kb6 13. Nxh8 Bf5 14.
Bxf5 Qxf5 15. Qd2 Nd5 16. Be3 e6 17. O-O Bd6 18. Nf7 Qxf7 19. c4 Bb4 20. Qc2
Nf4 21. Qb3 a5 22. a3 Nxg2 23. Kxg2 g5 24. axb4 g4 25. bxa5+ Kc7 26. Qb6+ Kb8
27. Qd8+ Ka7 28. d5+ 1-0

[Event "VIII Festival Ducale A"]
[Site "Genova ITA"]
[Date "2000.07.21"]
[Round "7"]
[White "Grigore, George-Gabriel"]
[Black "Drazic, Sinisa"]
[Result "1/2-1/2"]
[WhiteElo "2508"]
[BlackElo "2508"]
[PlyCount "86"]
[EventDate "2000.07.15"]

1. d4 d6 2. Nf3 Bg4 3. e4 Nf6 4. Bd3 e6 5. O-O Be7 6. Nbd2 a6 7. Re1 Bh5 8. Nf1
Nc6 9. c3 Bg6 10. d5 exd5 11. exd5 Nb8 12. Ng3 Nbd7 13. c4 O-O 14. b3 Re8 15.
Bb2 Ng4 16. Bxg6 hxg6 17. Nd4 Nh6 18. f4 Bf6 19. Qc2 Bxd4+ 20. Bxd4 Qh4 21. Qc3
Nf6 22. Bxf6 Qxf6 23. Qxf6 gxf6 24. h3 Kg7 25. Kf2 Kf8 26. Ne4 Kg7 27. Kf3 Nf5
28. Rad1 Re7 29. Ng3 Nd4+ 30. Kf2 Rxe1 31. Rxe1 f5 32. Rd1 Nc2 33. Rd2 Na3 34.
Ne2 Re8 35. Nc3 Kf6 36. Re2 Rb8 37. Kf3 b5 38. cxb5 Nxb5 39. Nxb5 Rxb5 40. Rc2
Rxd5 41. Rxc7 Rd2 42. Rc6 a5 43. Ra6 Rxa2 1/2-1/2

[Event "VIII Festival Ducale A"]
[Site "Genova ITA"]
[Date "2000.07.21"]
[Round "7"]
[White "Sbarra, Marco"]
[Black "Bertino, Andrea"]
[Result "1/2-1/2"]
[WhiteElo "2285"]
[BlackElo "1765"]
[PlyCount "49"]
[EventDate "2000.07.15"]

1. d4 Nf6 2. c4 e6 3. Nc3 Bb4 4. e3 O-O 5. Bd3 c5 6. Nge2 d5 7. O-O dxc4 8.
Bxc4 Nbd7 9. a3 cxd4 10. exd4 Bxc3 11. Nxc3 Nb6 12. Bd3 Nbd5 13. Ne4 Nxe4 14.
Bxe4 Qh4 15. Re1 Bd7 16. g3 Qd8 17. Qd3 h6 18. Bxd5 exd5 19. Re5 Be6 20. Bd2
Qd7 21. Rae1 Rfe8 22. Qe2 Rac8 23. f4 Qa4 24. Bc3 Bd7 25. Qf3 1/2-1/2

[Event "VIII Festival Ducale A"]
[Site "Genova ITA"]
[Date "2000.07.22"]
[Round "8"]
[White "Bellon Lopez, Juan Manuel"]
[Black "Sbarra, Marco"]
[Result "1-0"]
[WhiteElo "2421"]
[BlackElo "2285"]
[PlyCount "78"]
[EventDate "2000.07.15"]

1. d4 d5 2. Bg5 c6 3. e3 Qb6 4. Qc1 Bf5 5. Nf3 Nd7 6. c4 h6 7. Bh4 Ngf6 8. Nc3
e6 9. c5 Qd8 10. b4 g5 11. Bg3 Nh5 12. Be5 f6 13. Bg3 Nxg3 14. hxg3 Bg7 15. Qd2
e5 16. Be2 Bg4 17. Nxg5 fxg5 18. Bxg4 O-O 19. O-O exd4 20. exd4 b6 21. Rad1
bxc5 22. bxc5 Rb8 23. Rfe1 Nf6 24. Bf5 Re8 25. Bc2 Rxe1+ 26. Rxe1 Qd7 27. Qd3
Re8 28. Re5 Qg4 29. Rxe8+ Nxe8 30. Ne2 Qe6 31. Kf1 Nc7 32. f3 Kf7 33. g4 Qf6
34. Ba4 Ke8 35. Qb3 Kd7 36. Qb7 h5 37. Ng3 Qe6 38. Nf5 Bf8 39. Nd6 Bxd6 1-0

[Event "VIII Festival Ducale A"]
[Site "Genova ITA"]
[Date "2000.07.22"]
[Round "8"]
[White "Bertino, Andrea"]
[Black "Lamoureux, Izabelle"]
[Result "1/2-1/2"]
[WhiteElo "1765"]
[BlackElo "2028"]
[PlyCount "100"]
[EventDate "2000.07.15"]

1. e4 c5 2. Nc3 Nc6 3. g3 d6 4. Bg2 g6 5. d3 Bg7 6. Be3 e6 7. Qd2 Rb8 8. Nge2
Nd4 9. O-O b5 10. f4 Ne7 11. Nd1 Nxe2+ 12. Qxe2 O-O 13. c3 a5 14. d4 cxd4 15.
Bxd4 e5 16. Bf2 Be6 17. Ne3 f5 18. fxe5 dxe5 19. exf5 gxf5 20. Rad1 Qc7 21. Nd5
Nxd5 22. Bxd5 Bxd5 23. Rxd5 Rfd8 24. Rxb5 Rxb5 25. Qxb5 Rb8 26. Qd5+ Qf7 27.
Qxf7+ Kxf7 28. b3 Ke6 29. Rd1 Bf6 30. Kf1 h5 31. Ke2 Be7 32. Be3 Rc8 33. Bb6 a4
34. Ba5 e4 35. c4 Rb8 36. Rb1 Rc8 37. Bc3 Bd6 38. Bd2 Be5 39. Bf4 Bxf4 40. gxf4
Rg8 41. Rf1 Rg2+ 42. Rf2 Rg1 43. Kd2 h4 44. bxa4 h3 45. Ke3 Kd6 46. Rd2+ Kc5
47. Rd5+ Kxc4 48. Rxf5 Re1+ 49. Kd2 Rh1 50. Ke3 Re1+ 1/2-1/2

[Event "VIII Festival Ducale A"]
[Site "Genova ITA"]
[Date "2000.07.22"]
[Round "8"]
[White "Cramling, Pia"]
[Black "Grigore, George-Gabriel"]
[Result "1-0"]
[WhiteElo "2484"]
[BlackElo "2508"]
[PlyCount "95"]
[EventDate "2000.07.15"]

1. d4 Nf6 2. c4 g6 3. Nc3 Bg7 4. e4 d6 5. h3 O-O 6. Bg5 Nbd7 7. Nf3 e5 8. d5 h6
9. Be3 Nc5 10. Nd2 a5 11. Be2 Ne8 12. g4 f5 13. exf5 gxf5 14. Rg1 e4 15. gxf5
Qh4 16. Nb3 Nxb3 17. axb3 Bxf5 18. Bg4 Bg6 19. Be6+ Kh7 20. Qg4 Qxg4 21. hxg4
Bxc3+ 22. bxc3 Ng7 23. Bd7 Rf7 24. Bb5 b6 25. Rh1 h5 26. Kd2 Raf8 27. Rh2 Rf3
28. Rg1 Be8 29. Bxe8 Rxe8 30. Bd4 Ref8 31. Rh4 R8f7 32. Be3 Re7 33. Ke2 Ref7
34. Rg2 Re7 35. gxh5 Nf5 36. Rxe4 Rxe4 37. Kxf3 Nxe3 38. fxe3 Rh4 39. Rg4 Rh2
40. Re4 Rb2 41. Re7+ Kh6 42. Rxc7 Rxb3 43. Rc6 a4 44. Rxd6+ Kxh5 45. Rd8 a3 46.
d6 Rb1 47. d7 a2 48. Rh8+ 1-0

[Event "VIII Festival Ducale A"]
[Site "Genova ITA"]
[Date "2000.07.22"]
[Round "8"]
[White "Di Paolo, Raffaele"]
[Black "De Angelis, Fernando"]
[Result "1-0"]
[WhiteElo "2295"]
[BlackElo "2056"]
[PlyCount "83"]
[EventDate "2000.07.15"]

1. e4 e5 2. f4 exf4 3. Nf3 Be7 4. Bc4 Bh4+ 5. Kf1 d5 6. Bxd5 Nf6 7. Bb3 Bg4 8.
d3 O-O 9. Nc3 Nc6 10. Bxf4 Nh5 11. Be3 Ne5 12. Ke2 Kh8 13. d4 Ng6 14. Kd2 f5
15. e5 Nxe5 16. Kc1 Nc6 17. h3 Bxf3 18. Qxf3 Bg5 19. Rd1 Bxe3+ 20. Qxe3 Qh4 21.
Bd5 Rae8 22. Qd2 Nf4 23. Bf3 Qg3 24. b3 Nxh3 25. Bxc6 bxc6 26. gxh3 f4 27. Kb2
f3 28. Rg1 Qd6 29. Rgf1 c5 30. Rad1 Qf6 31. Kb1 c4 32. d5 f2 33. Kb2 a5 34. Qd4
Qf3 35. Rd2 Qxh3 36. Rfxf2 cxb3 37. axb3 Rxf2 38. Rxf2 Qg3 39. Qc5 Rg8 40. Rf7
h5 41. d6 Qg4 42. dxc7 1-0

[Event "VIII Festival Ducale A"]
[Site "Genova ITA"]
[Date "2000.07.22"]
[Round "8"]
[White "Drazic, Sinisa"]
[Black "Chatalbashev, Boris"]
[Result "1/2-1/2"]
[WhiteElo "2508"]
[BlackElo "2494"]
[PlyCount "130"]
[EventDate "2000.07.15"]

1. b3 e5 2. Bb2 Nc6 3. e3 Nf6 4. c4 Be7 5. Nc3 O-O 6. Nf3 Re8 7. d4 Bb4 8. dxe5
Ne4 9. Qc2 Nxc3 10. Bxc3 Qe7 11. Be2 Nxe5 12. O-O Bxc3 13. Qxc3 d6 14. Nxe5
Qxe5 15. Rac1 Bf5 16. Rfd1 Qxc3 17. Rxc3 b6 18. g4 Be4 19. f3 Bb7 20. Kf2 g5
21. c5 dxc5 22. b4 Rad8 23. bxc5 Rxd1 24. Bxd1 Rd8 25. Bb3 c6 26. Rc4 Rd2+ 27.
Kg3 Ba6 28. Ra4 Bf1 29. f4 bxc5 30. fxg5 Rg2+ 31. Kf4 Rxh2 32. a3 Kg7 33. Bc4
Bxc4 34. Rxc4 Ra2 35. Ra4 c4 36. Rxa7 c3 37. Ra6 Ra1 38. Rxc6 Rxa3 39. e4 Rb3
40. Rc8 h6 41. gxh6+ Kxh6 42. g5+ Kg7 43. Rc7 Rb1 44. Rxc3 f6 45. gxf6+ Kxf6
46. Rc6+ Ke7 47. Kf5 Rf1+ 48. Ke5 Ra1 49. Rc7+ Ke8 50. Rb7 Ra6 51. Kf5 Rc6 52.
e5 Ra6 53. Rb8+ Ke7 54. Rh8 Rb6 55. Ra8 Rc6 56. Ra7+ Ke8 57. Ke4 Rb6 58. Kd4
Rh6 59. Kd5 Rg6 60. e6 Rg1 61. Ra8+ Ke7 62. Ra7+ Ke8 63. Kd6 Rd1+ 64. Ke5 Re1+
65. Kf6 Rf1+ 1/2-1/2

[Event "VIII Festival Ducale A"]
[Site "Genova ITA"]
[Date "2000.07.23"]
[Round "9"]
[White "Di Paolo, Raffaele"]
[Black "Strazzeri, Marco"]
[Result "1-0"]
[WhiteElo "2295"]
[BlackElo "1756"]
[PlyCount "67"]
[EventDate "2000.07.15"]

1. e4 c6 2. Nc3 d5 3. Qf3 e6 4. d4 dxe4 5. Nxe4 Nf6 6. Bd3 Nbd7 7. Bg5 Be7 8.
O-O-O Nxe4 9. Bxe7 Qxe7 10. Qxe4 Nf6 11. Qh4 Bd7 12. Nf3 Nd5 13. Qg3 O-O-O 14.
Ne5 Qf6 15. Kb1 Qe7 16. c4 Nc7 17. Qxg7 Rhg8 18. Qxf7 Qxf7 19. Nxf7 Rdf8 20.
Nd6+ Kb8 21. g3 Rxf2 22. Bxh7 Rh8 23. Be4 Rfxh2 24. Rxh2 Rxh2 25. Rh1 Rxh1+ 26.
Bxh1 Ne8 27. Nxe8 Bxe8 28. Be4 Kc7 29. Kc2 Kd6 30. Kd3 e5 31. b4 exd4 32. Kxd4
b6 33. c5+ bxc5+ 34. bxc5+ 1-0

[Event "VIII Festival Ducale A"]
[Site "Genova ITA"]
[Date "2000.07.23"]
[Round "9"]
[White "Ferri, Giuseppe"]
[Black "Collareta, Giovanni"]
[Result "0-1"]
[WhiteElo "1711"]
[BlackElo "2127"]
[PlyCount "108"]
[EventDate "2000.07.15"]

1. d4 d5 2. Nf3 Nf6 3. g3 Bf5 4. Bg2 c6 5. O-O e6 6. Nbd2 h6 7. c4 Nbd7 8. b3
Bd6 9. Bb2 O-O 10. Ne5 Bxe5 11. dxe5 Ng4 12. cxd5 cxd5 13. e4 dxe4 14. Nxe4
Ngxe5 15. Nd6 Bg4 16. Qd4 Bf3 17. Nc4 f6 18. Bh3 Bd5 19. f4 Nc6 20. Qe3 Kh8 21.
Ba3 b5 22. Bxf8 Qxf8 23. Nd2 Qb4 24. Bg2 Nd4 25. Rac1 Nf5 26. Qc3 Qxc3 27. Rxc3
b4 28. Bxd5 exd5 29. Rc7 Nb6 30. Re1 d4 31. Nc4 Nd5 32. Rc5 Rd8 33. Kg2 d3 34.
Nd2 Nd4 35. h3 Nc3 36. Re7 h5 37. Rb7 Rd6 38. Rc4 Nc2 39. Rxa7 Re6 40. Kf3 Ne1+
41. Kf2 Re2+ 42. Kf1 Nc2 43. Rc8+ Kh7 44. Rcc7 Ne3+ 45. Kg1 Rxd2 46. Rxg7+ Kh6
47. Rh7+ Kg6 48. Rag7+ Kf5 49. Re7 Rg2+ 50. Kh1 Rxg3 51. Rxh5+ Kxf4 52. Rh4+
Kf3 53. Rd4 Rxh3+ 54. Kg1 Ne2# 0-1

[Event "VIII Festival Ducale A"]
[Site "Genova ITA"]
[Date "2000.07.23"]
[Round "9"]
[White "Grigore, George-Gabriel"]
[Black "Basciu, Simone"]
[Result "1-0"]
[WhiteElo "2508"]
[BlackElo "2147"]
[PlyCount "85"]
[EventDate "2000.07.15"]

1. d4 Nf6 2. c4 e6 3. Nc3 Bb4 4. Qc2 Nc6 5. Nf3 d6 6. Bd2 e5 7. d5 Bxc3 8. Bxc3
Ne7 9. e4 O-O 10. g3 a5 11. Bg2 Nd7 12. O-O Nc5 13. Nd2 f5 14. f3 a4 15. b4
axb3 16. axb3 Rxa1 17. Rxa1 fxe4 18. fxe4 Qe8 19. b4 Nd7 20. c5 Qg6 21. cxd6
cxd6 22. Qd3 Nf6 23. Rf1 Qh6 24. Nc4 Ne8 25. Ra1 Qf6 26. Qe3 Qg6 27. b5 Rf6 28.
Bb4 Qh5 29. Nd2 Rh6 30. Nf1 Qg4 31. b6 Qd7 32. Qe2 Qg4 33. Qxg4 Bxg4 34. Ra8
Kf7 35. Rb8 Bc8 36. Bd2 Rg6 37. Ne3 h5 38. Bf3 Rf6 39. Bxh5+ g6 40. Bg4 Bxg4
41. Nxg4 Rf3 42. Be3 Nf6 43. Kg2 1-0

[Event "VIII Festival Ducale A"]
[Site "Genova ITA"]
[Date "2000.07.23"]
[Round "9"]
[White "Lamoureux, Charles"]
[Black "Chatalbashev, Boris"]
[Result "1/2-1/2"]
[WhiteElo "2348"]
[BlackElo "2494"]
[PlyCount "36"]
[EventDate "2000.07.15"]

1. d4 g6 2. Nf3 Bg7 3. c3 d6 4. h3 Nf6 5. Bf4 O-O 6. e3 Nbd7 7. Be2 b6 8. Nbd2
Bb7 9. O-O Qe8 10. Bh2 e5 11. a4 a5 12. Nc4 Ne4 13. Na3 Qe7 14. Nb5 Rac8 15.
Na7 Rcd8 16. Nb5 c6 17. Na3 d5 18. Re1 f5 1/2-1/2

[Event "VIII Festival Ducale A"]
[Site "Genova ITA"]
[Date "2000.07.23"]
[Round "9"]
[White "Sbarra, Marco"]
[Black "Capurro, Giuliano"]
[Result "1-0"]
[WhiteElo "2285"]
[BlackElo "2022"]
[PlyCount "71"]
[EventDate "2000.07.15"]

1. d4 Nf6 2. c4 g6 3. Nc3 Bg7 4. e4 d6 5. Nf3 O-O 6. Be2 Bg4 7. Be3 Bxf3 8.
Bxf3 e5 9. d5 Nbd7 10. Bg5 a6 11. Qd2 Nb6 12. Be2 Qd7 13. b3 Ne8 14. O-O f6 15.
Be3 Nc8 16. b4 Ne7 17. c5 f5 18. f3 f4 19. Bf2 g5 20. Rfc1 Ng6 21. c6 bxc6 22.
dxc6 Qf7 23. Qd5 Ne7 24. Qxf7+ Kxf7 25. Bc4+ Kf6 26. Rab1 Bh6 27. a4 Ng7 28. b5
axb5 29. axb5 Rfc8 30. Bd5 Ne6 31. Ra1 Bg7 32. Rxa8 Rxa8 33. b6 cxb6 34. Nb5
Nxd5 35. exd5 Ra5 36. dxe6 1-0